[Event "Montreal op U2100"]
[Site "Montreal CAN"]
[Date "2019.09.08"]
[Round "5.27"]
[White "Neshev, Nikolay"]
[Black "Gao, Shiqi"]
[Result "1-0"]
[WhiteElo "1637"]
[BlackElo "1693"]
[PlyCount "95"]
[EventDate "2019.09.06"]
[EventType "swiss"]
[EventRounds "5"]
[EventCountry "CAN"]

1. d4 Nf6 2. Bf4 e6 3. e3 d5 4. Nf3 c5 5. c3 c4 6. Nbd2 Be7 7. b3 b5 8. a4 bxa4
9. bxc4 dxc4 10. Qxa4+ Bd7 11. Qxc4 Nc6 12. Be2 Rc8 13. Qa6 Nd5 14. O-O Nxc3
15. Bc4 Bb4 16. Rfc1 Na5 17. Bf1 Qb6 18. Ne5 Qxa6 19. Bxa6 Rd8 20. Bg3 f6 21.
Nef3 Bb5 22. Bxb5+ Nxb5 23. Rcb1 Nc6 24. Ra6 Rc8 25. Ne4 O-O 26. h4 Nc3 27.
Nxc3 Bxc3 28. Rc1 Nb4 29. Rxa7 Bxd4 30. Rxc8 Bxa7 31. Rxf8+ Kxf8 32. Bd6+ Kf7
33. Bxb4 e5 34. Kh2 Ke6 35. g4 g6 36. Kg3 Bb8 37. Kg2 e4 38. Nd4+ Kf7 39. Kf1
h5 40. gxh5 gxh5 41. Ke2 Bc7 42. Kd2 Kg6 43. Ne6 Be5 44. Nf4+ Bxf4 45. exf4 f5
46. Ke3 Kf6 47. Kd4 Ke6 48. Ba3 1-0

[Event "Montreal op U2100"]
[Site "Montreal CAN"]
[Date "2019.09.08"]
[Round "5.28"]
[White "Guillemette, Hugo"]
[Black "Bocan, Richard"]
[Result "1-0"]
[WhiteElo "1633"]
[BlackElo "1570"]
[PlyCount "65"]
[EventDate "2019.09.06"]
[EventType "swiss"]
[EventRounds "5"]
[EventCountry "CAN"]

1. e4 c6 2. d4 d5 3. e5 Bf5 4. h4 h6 5. g4 Bd7 6. h5 c5 7. c3 Nc6 8. Bh3 e6 9.
Bg2 Qb6 10. Ne2 Be7 11. O-O O-O-O 12. a3 cxd4 13. cxd4 Kb8 14. b4 Rc8 15. Be3
a5 16. bxa5 Nxa5 17. Nd2 Nc4 18. Nxc4 Rxc4 19. Qd2 Qc7 20. Rfc1 Bb5 21. Nc3 Ba6
22. Bf1 Rc6 23. Bxa6 bxa6 24. Rab1+ Ka7 25. Qb2 Rb6 26. Nxd5 Qxc1+ 27. Qxc1
Rxb1 28. Qxb1 exd5 29. Qb3 f6 30. Qxd5 Bxa3 31. Qb3 fxe5 32. dxe5+ Ka8 33. Qb6
1-0

[Event "Montreal op U2100"]
[Site "Montreal CAN"]
[Date "2019.09.08"]
[Round "5.29"]
[White "Varro, Daniel"]
[Black "Duplessis, Claude"]
[Result "0-1"]
[WhiteElo "1604"]
[BlackElo "1556"]
[PlyCount "74"]
[EventDate "2019.09.06"]
[EventType "swiss"]
[EventRounds "5"]
[EventCountry "CAN"]

1. d4 f5 2. e4 fxe4 3. Nc3 Nf6 4. Bg5 g6 5. h4 d5 6. h5 Bg4 7. Be2 Bxe2 8. Qxe2
Bg7 9. Nh3 Nxh5 10. Qb5+ Nc6 11. Qxb7 Nxd4 12. O-O-O Rb8 13. Qxd5 Ne2+ 14. Nxe2
Bxb2+ 15. Kb1 Bd4+ 16. Qb3 Rxb3+ 17. axb3 c5 18. c3 Qb6 19. cxd4 Qxb3+ 20. Kc1
Qc4+ 21. Kd2 cxd4 22. Ke1 d3 23. Rc1 Qe6 24. Nd4 Qe5 25. Be3 O-O 26. Ng5 Rb8
27. Nc6 Qb2 28. Nxe7+ Kf8 29. Nxg6+ hxg6 30. Ne6+ Ke7 31. Nd4 d2+ 32. Bxd2 Qxd4
33. Rh3 Rb2 34. Rd1 Nf4 35. Rh7+ Ke6 36. Rh2 Nd3+ 37. Ke2 Qxf2# 0-1

[Event "Montreal op U2100"]
[Site "Montreal CAN"]
[Date "2019.09.08"]
[Round "5.30"]
[White "He, Jiaqi"]
[Black "Wang, Derek"]
[Result "1/2-1/2"]
[WhiteElo "1576"]
[BlackElo "1511"]
[PlyCount "167"]
[EventDate "2019.09.06"]
[EventType "swiss"]
[EventRounds "5"]
[EventCountry "CAN"]

1. e4 c5 2. Nf3 d6 3. d4 cxd4 4. Nxd4 Nf6 5. Nc3 a6 6. a3 e6 7. Be2 b5 8. O-O
Bb7 9. Bd3 Be7 10. Kh1 Nbd7 11. Nb3 Ne5 12. f4 Nxd3 13. cxd3 Rc8 14. Be3 O-O
15. Rc1 Nd7 16. Ne2 Bf6 17. Rxc8 Qxc8 18. Qd2 Qa8 19. Rc1 Rc8 20. Ng3 Rxc1+ 21.
Qxc1 g6 22. Na5 Qc8 23. Qxc8+ Bxc8 24. d4 Nb6 25. e5 Be7 26. Nc6 Bf8 27. Kg1
Nc4 28. Bc1 Bb7 29. Nb8 dxe5 30. fxe5 Nb6 31. Bd2 Nc4 32. Bc1 Be7 33. Nd7 Kg7
34. Kf2 a5 35. Ne2 b4 36. axb4 axb4 37. g3 Bc6 38. Nc5 Bxc5 39. dxc5 Nxe5 40.
Bd2 Nd3+ 41. Ke3 Nxc5 42. Bxb4 Nb7 43. Nd4 Bd5 44. Bc3 Kh6 45. Nf3 Nd6 46. Ne5
Nc4+ 47. Kf2 Nxe5 48. Bxe5 Kg5 49. h4+ Kf5 50. Bc3 Ke4 51. Ke2 Bc4+ 52. Kf2 h5
53. Bf6 e5 54. b4 Bb5 55. Be7 f5 56. Bf6 Kd4 57. Be7 Kd5 58. Bf6 Ke6 59. Bg5
Kd6 60. Ke3 Bc6 61. Bh6 Kd5 62. Bg5 Kc4 63. Be7 Kc3 64. Bd6 Kc4 65. Bxe5 Kxb4
66. Kf4 Be8 67. Bf6 Kc4 68. Be7 Kd4 69. Bf6+ Kd5 70. Be7 Ke6 71. Bg5 Bc6 72.
Bd8 Bb5 73. Bg5 Be2 74. Bh6 Kf6 75. Bg5+ Ke6 76. Bh6 Bb5 77. Bg5 Be8 78. Bd8
Kd5 79. Bf6 Kc4 80. Bg5 Kd3 81. Bf6 Ke2 82. Bg5 Kf2 83. Bf6 Kg2 84. Bg5 1/2-1/2

[Event "Montreal op U2100"]
[Site "Montreal CAN"]
[Date "2019.09.08"]
[Round "5.31"]
[White "Bilodeau-Savaria, Sandy-Rose"]
[Black "Laroche, Hugo"]
[Result "1/2-1/2"]
[WhiteElo "1460"]
[BlackElo "1678"]
[PlyCount "103"]
[EventDate "2019.09.06"]
[EventType "swiss"]
[EventRounds "5"]
[EventCountry "CAN"]

1. d4 Nf6 2. c4 e6 3. Nf3 d5 4. Nc3 Nbd7 5. Bg5 Be7 6. e3 b6 7. Bd3 Bb7 8. O-O
O-O 9. Rc1 h6 10. Bh4 Rc8 11. Bg3 Ne4 12. cxd5 Nxg3 13. hxg3 exd5 14. a3 Nf6
15. Bf5 Ra8 16. b4 a5 17. Qb3 axb4 18. axb4 Bd6 19. Ra1 Qe7 20. b5 g6 21. Bd3
Kg7 22. Qc2 Rh8 23. Rfe1 Ne4 24. Nd2 f5 25. Ndxe4 fxe4 26. Be2 Rhf8 27. Rf1 Qf6
28. Rxa8 Bxa8 29. Qd1 Qg5 30. Qe1 Bb7 31. Kh2 Bc8 32. f4 exf3 33. Rxf3 Rxf3 34.
Bxf3 Qh4+ 35. Kg1 Bxg3 36. Qd2 Bd7 37. Bxd5 Be1 38. Qc2 Bf5 39. Be4 Bxc3 40.
Qxc3 Qxe4 41. Qxc7+ Kf8 42. Qd8+ Qe8 43. Qd6+ Kg7 44. Qc7+ Kf8 45. Qd6+ Qe7 46.
Qb8+ Kg7 47. Qxb6 Qxe3+ 48. Kh2 Qf4+ 49. Kg1 Qe3+ 50. Kh2 Qf4+ 51. Kg1 Qe3+ 52.
Kh2 1/2-1/2

[Event "Montreal op U2100"]
[Site "Montreal CAN"]
[Date "2019.09.08"]
[Round "5.32"]
[White "Rabutki, Dimitri"]
[Black "Levasseur, Sylvain"]
[Result "0-1"]
[WhiteElo "1611"]
[BlackElo "1610"]
[PlyCount "100"]
[EventDate "2019.09.06"]
[EventType "swiss"]
[EventRounds "5"]
[EventCountry "CAN"]

1. e4 e5 2. Bc4 Bc5 3. c3 Qh4 4. Qf3 Nf6 5. d3 d6 6. g3 Qg4 7. h3 Qxf3 8. Nxf3
Be6 9. Bxe6 fxe6 10. Bg5 Nbd7 11. Nbd2 Rf8 12. Ke2 h6 13. Be3 Bxe3 14. Kxe3 g5
15. g4 Ke7 16. Rag1 d5 17. Nh2 Rf7 18. f3 Rg8 19. Nhf1 Nf8 20. h4 Ng6 21. hxg5
hxg5 22. Ng3 Kd6 23. Nh5 Nh4 24. Nxf6 Rxf6 25. Rh2 Rh8 26. Rc1 Nf5+ 27. gxf5
Rxh2 28. fxe6 d4+ 29. cxd4 exd4+ 30. Kxd4 Rxe6 31. e5+ Kd7 32. Ne4 Rh4 33. Kd5
c6+ 34. Kd4 Re7 35. Rg1 Rg7 36. Ke3 b6 37. d4 Ke6 38. Nf6 Rh2 39. Rb1 Rg6 40.
Ne4 Rg8 41. a3 Rg2 42. Nf6 Rh8 43. Ng4 Rh3 44. Ke4 Re2+ 45. Ne3 Rf2 46. Rc1
Rfxf3 47. Rxc6+ Kd7 48. Rd6+ Ke8 49. Nf5 Rf4+ 50. Kd5 Rxf5 0-1

[Event "Montreal op U2100"]
[Site "Montreal CAN"]
[Date "2019.09.08"]
[Round "5.33"]
[White "Wang, Isabelle"]
[Black "Hernandez, Juan Felipe"]
[Result "1/2-1/2"]
[WhiteElo "1673"]
[BlackElo "1759"]
[PlyCount "45"]
[EventDate "2019.09.06"]
[EventType "swiss"]
[EventRounds "5"]
[EventCountry "CAN"]

1. e4 e6 2. d4 d5 3. exd5 exd5 4. Bd3 Bd6 5. Nf3 Ne7 6. O-O Nbc6 7. c3 Bf5 8.
Bxf5 Nxf5 9. Re1+ Nce7 10. Ne5 O-O 11. Qg4 f6 12. Nd3 Re8 13. Bf4 Bxf4 14. Nxf4
Nh6 15. Qf3 c6 16. Nd2 Qd6 17. Re6 Qd7 18. Rae1 Nef5 19. R6e2 Rxe2 20. Qxe2 Nd6
21. Qe7 Qxe7 22. Rxe7 Kf8 23. Re2 1/2-1/2

[Event "NAYCC U10"]
[Site "Kingston CAN"]
[Date "2019.08.16"]
[Round "1.5"]
[White "Georgescu-Nicolau, Luca"]
[Black "Yang, Jingyun (Ryan)"]
[Result "0-1"]
[WhiteElo "1337"]
[BlackElo "1875"]
[PlyCount "78"]
[EventDate "2019.08.16"]
[EventType "swiss"]
[EventRounds "9"]
[EventCountry "CAN"]

1. d4 d5 2. c4 e6 3. Nc3 Nf6 4. Bg5 Be7 5. Nf3 c6 6. h3 h6 7. Bf4 Nbd7 8. c5
O-O 9. e3 Re8 10. Bd3 b6 11. b4 a5 12. a3 Ba6 13. Bxa6 Rxa6 14. O-O Nf8 15. Ne5
b5 16. Qc2 N6d7 17. Qd3 Nxe5 18. Bxe5 Ng6 19. Bh2 Qa8 20. Qd1 Qa7 21. Ne2 Ra8
22. Rb1 axb4 23. axb4 Bd8 24. Bd6 Bc7 25. Bxc7 Qxc7 26. Nc3 e5 27. Re1 Ra3 28.
Ne2 Nh4 29. Qc1 Qe7 30. Qb2 Qg5 31. Ng3 Ra2 32. Qc3 R8a3 33. Qc1 Qf6 34. f3
exd4 35. exd4 Rxg2+ 36. Kh1 Qxf3 37. Re8+ Kh7 38. Qxa3 Rh2+ 39. Kxh2 Qg2# 0-1

[Event "NAYCC U10"]
[Site "Kingston CAN"]
[Date "2019.08.16"]
[Round "1.23"]
[White "Shi, Michael"]
[Black "Chinni, Rishabh"]
[Result "0-1"]
[WhiteElo "1795"]
[BlackElo "1324"]
[PlyCount "92"]
[EventDate "2019.08.16"]
[EventType "swiss"]
[EventRounds "9"]
[EventCountry "CAN"]

1. e4 e5 2. Nf3 Nc6 3. Bc4 Bc5 4. c3 Nf6 5. d3 d6 6. O-O O-O 7. b4 Bb6 8. Qb3
h6 9. Nbd2 Qe7 10. Bb2 Be6 11. Rfe1 Rad8 12. d4 exd4 13. cxd4 d5 14. exd5 Nxd5
15. a3 Qd7 16. Rad1 Rfe8 17. Ne4 Nde7 18. Ne5 Nxe5 19. dxe5 Bxc4 20. Nf6+ Kh8
21. Qc2 Bd3 22. Qc1 Qf5 23. Nxe8 Bxf2+ 24. Kh1 Bxe1 25. Rxe1 Rxe8 26. e6 f6 27.
Qxc7 Qf2 28. Bc3 Be4 29. Rg1 Bc6 30. b5 Bxb5 31. Qxb7 Bc6 32. Qc7 Qb6 33. Qf4
Nd5 34. Qc4 Nxc3 35. Qxc3 Rxe6 36. Qh3 Qe3 37. Qf5 Qe4 38. Qa5 Qa4 39. Qd8+ Re8
40. Qd3 Qe4 41. Qc3 Bb7 42. Qa5 Rc8 43. Qxa7 Rc2 44. Qb8+ Kh7 45. Qg3 f5 46.
Qh3 f4 0-1

[Event "NAYCC U10"]
[Site "Kingston CAN"]
[Date "2019.08.16"]
[Round "1.24"]
[White "Cacciatore, Luc"]
[Black "Lin, Leo"]
[Result "0-1"]
[WhiteElo "1298"]
[BlackElo "1772"]
[PlyCount "80"]
[EventDate "2019.08.16"]
[EventType "swiss"]
[EventRounds "9"]
[EventCountry "CAN"]

1. d4 d5 2. Bf4 Nf6 3. e3 e6 4. Nd2 c5 5. c3 Nc6 6. Bd3 Be7 7. h3 O-O 8. Ngf3
Qb6 9. Qb3 c4 10. Qxb6 axb6 11. Bc2 b5 12. O-O b4 13. e4 b5 14. Rfe1 bxc3 15.
bxc3 b4 16. cxb4 Nxb4 17. Bb1 c3 18. exd5 Nfxd5 19. Nc4 Nxf4 20. Be4 Rxa2 21.
Rxa2 Nxa2 22. Ra1 Nb4 23. Ne1 Ne2+ 24. Kf1 Nxd4 25. Rc1 Na2 26. Ra1 Ba6 27. Bd3
Nb4 28. Ne5 Bxd3+ 29. N5xd3 Nxd3 30. Nxd3 c2 31. Nc1 Rb8 32. Ke1 Bb4+ 33. Kf1
Bd2 34. f3 Bxc1 35. Rxc1 Rb1 36. Rxb1 cxb1=Q+ 37. Kf2 Qc2+ 38. Kg3 Nf5+ 39. Kh2
Ne3 40. Kg3 g5 0-1

[Event "NAYCC U10"]
[Site "Kingston CAN"]
[Date "2019.08.16"]
[Round "1.25"]
[White "Xu, Alex"]
[Black "Zhang, Daniel"]
[Result "1/2-1/2"]
[WhiteElo "1763"]
[BlackElo "1267"]
[PlyCount "65"]
[EventDate "2019.08.16"]
[EventType "swiss"]
[EventRounds "9"]
[EventCountry "CAN"]

1. e4 e6 2. d4 d5 3. Nd2 c5 4. exd5 exd5 5. Ngf3 Nf6 6. c3 Bf5 7. Bb5+ Nbd7 8.
O-O c4 9. Ne5 a6 10. Nxd7 Nxd7 11. Ba4 b5 12. Bc2 Bxc2 13. Qxc2 Be7 14. Nf3 O-O
15. Bf4 Qb6 16. Rfe1 Rfe8 17. Re2 Bd6 18. Rxe8+ Rxe8 19. Qf5 Bxf4 20. Qxf4 Re4
21. Qf5 Qe6 22. Qxe6 Rxe6 23. Re1 Rxe1+ 24. Nxe1 Nb6 25. b3 Kf8 26. Nc2 a5 27.
f4 Ke7 28. Kf2 cxb3 29. axb3 a4 30. Na1 Kd6 31. Ke3 Nd7 32. Kd3 Nf6 33. h3
1/2-1/2

[Event "NAYCC U10"]
[Site "Kingston CAN"]
[Date "2019.08.16"]
[Round "1.26"]
[White "Ran, Sean"]
[Black "Ho, Jasper"]
[Result "1-0"]
[WhiteElo "1264"]
[BlackElo "1730"]
[PlyCount "45"]
[EventDate "2019.08.16"]
[EventType "swiss"]
[EventRounds "9"]
[EventCountry "CAN"]

1. e4 e5 2. f4 exf4 3. Nf3 g5 4. h4 g4 5. Ne5 h5 6. Nc3 Be7 7. Bc4 Bxh4+ 8. Kf1
Rh7 9. Bxf7+ Rxf7 10. Nxf7 Kxf7 11. d4 Qg5 12. Nd5 Na6 13. Bxf4 Qd8 14. g3 Bg5
15. Rxh5 Bxf4 16. Rf5+ Kg7 17. Qxg4+ Kh8 18. gxf4 Nh6 19. Rh5 Kh7 20. Kg2 d6
21. Rxh6+ Kxh6 22. Rh1+ Qh4 23. Rxh4# 1-0

[Event "NAYCC U10"]
[Site "Kingston CAN"]
[Date "2019.08.16"]
[Round "1.27"]
[White "Zhang, Arthur"]
[Black "Huang, Winston"]
[Result "1-0"]
[WhiteElo "1703"]
[BlackElo "1220"]
[PlyCount "161"]
[EventDate "2019.08.16"]
[EventType "swiss"]
[EventRounds "9"]
[EventCountry "CAN"]

1. e4 e5 2. Nf3 Nc6 3. Bc4 Bc5 4. O-O Nf6 5. d3 d6 6. h3 h6 7. Be3 Bb6 8. c3
O-O 9. Bxb6 axb6 10. Nbd2 Re8 11. Re1 Be6 12. Bb3 Qd7 13. Ba4 Qe7 14. d4 exd4
15. cxd4 Bd7 16. d5 Ne5 17. Bxd7 Qxd7 18. Nxe5 dxe5 19. Nf3 Rad8 20. Qc2 c6 21.
Rad1 cxd5 22. exd5 Nxd5 23. Nxe5 Qd6 24. Nf3 Qc6 25. Qb3 Rxe1+ 26. Rxe1 Nf6 27.
Ne5 Qc7 28. Qb5 Qe7 29. Nf3 Qd7 30. Qb4 Qc7 31. a3 Qc5 32. Qf4 Qd6 33. Qxd6
Rxd6 34. Re7 Rd7 35. Rxd7 Nxd7 36. Kf1 Kf8 37. Ke2 Ke7 38. Kd3 Kd6 39. Kc4 Kc6
40. Nd4+ Kc7 41. Nf5 g6 42. Nxh6 f6 43. Ng4 Kc6 44. Ne3 b5+ 45. Kd4 b6 46. h4
Kd6 47. g3 Ke6 48. g4 Kd6 49. f4 Kc6 50. h5 gxh5 51. gxh5 Kd6 52. h6 Nf8 53. f5
Ke7 54. Nd5+ Kf7 55. Nxb6 Kg8 56. Kc5 Kh7 57. Nd5 Kxh6 58. Nxf6 Kg5 59. Nd5
Kxf5 60. Kxb5 Ke5 61. Nc3 Nd7 62. a4 Kd4 63. a5 Nb8 64. Na4 Kd5 65. a6 Nc6 66.
Nc3+ Kd6 67. Kb6 Kd7 68. a7 Nxa7 69. Kxa7 Kc6 70. Ka6 Kc5 71. Ka5 Kc6 72. b4
Kb7 73. Kb5 Kb8 74. Kb6 Ka8 75. b5 Kb8 76. Kc6 Kc8 77. b6 Kb8 78. b7 Ka7 79.
Kc7 Ka6 80. b8=Q Ka5 81. Qb5# 1-0

[Event "NAYCC U10"]
[Site "Kingston CAN"]
[Date "2019.08.16"]
[Round "1.28"]
[White "Liang, Leon"]
[Black "Tang, Benjamin"]
[Result "0-1"]
[WhiteElo "1198"]
[BlackElo "1679"]
[PlyCount "120"]
[EventDate "2019.08.16"]
[EventType "swiss"]
[EventRounds "9"]
[EventCountry "CAN"]

1. e4 e5 2. Nf3 Nc6 3. Bb5 a6 4. Ba4 Nf6 5. O-O b5 6. Bb3 Bb7 7. a3 Bc5 8. Nc3
O-O 9. d3 h6 10. h3 d6 11. Nd5 Nxd5 12. Bxd5 Qd7 13. b4 Bb6 14. Bb2 Nd8 15.
Bxb7 Nxb7 16. c4 c5 17. Rc1 Rac8 18. Qe2 Nd8 19. Rfd1 Ne6 20. Qd2 Nf4 21. Nh4
Kh7 22. Kh2 Bd8 23. Nf5 g6 24. Ne3 cxb4 25. axb4 f5 26. exf5 gxf5 27. g3 Nxh3
28. Kxh3 f4+ 29. Kg2 fxe3 30. Qxe3 Qc6+ 31. Qe4+ Qxe4+ 32. dxe4 Bb6 33. f3 bxc4
34. Rxd6 Be3 35. Re1 c3 36. Ba3 Bd2 37. Rd1 Rfd8 38. Rxa6 c2 39. Ra7+ Kg8 40.
Rh1 c1=Q 41. Bxc1 Rxc1 42. Rxc1 Bxc1 43. Ra1 Be3 44. Rb1 Rd2+ 45. Kh3 Rf2 46.
b5 Rxf3 47. b6 Rf8 48. b7 Ba7 49. Kh4 Kg7 50. g4 Kg6 51. Ra1 Bb8 52. Ra6+ Kg7
53. g5 hxg5+ 54. Kxg5 Bc7 55. Rg6+ Kf7 56. Rh6 Rg8+ 57. Kh5 Ke7 58. Rh7+ Kd6
59. Rh6+ Kc5 60. Ra6 Rb8 0-1

[Event "NAYCC U10"]
[Site "Kingston CAN"]
[Date "2019.08.16"]
[Round "1.29"]
[White "Guo, Edward"]
[Black "Jin, Harold"]
[Result "1-0"]
[WhiteElo "1666"]
[BlackElo "1188"]
[PlyCount "85"]
[EventDate "2019.08.16"]
[EventType "swiss"]
[EventRounds "9"]
[EventCountry "CAN"]

1. d4 Nf6 2. Nf3 e6 3. Bf4 Nc6 4. e3 d5 5. c3 Be7 6. Bd3 O-O 7. O-O b6 8. Nbd2
Bb7 9. Qe2 Nd7 10. e4 f6 11. exd5 exd5 12. Qe6+ Kh8 13. Qh3 g6 14. Bxg6 Rf7 15.
Bxf7 Nf8 16. Qg3 Ng6 17. Bxg6 hxg6 18. Qxg6 Qg8 19. Qh6+ Qh7 20. Qxh7+ Kxh7 21.
Rfe1 Bd6 22. Bxd6 cxd6 23. h4 Rg8 24. Re3 f5 25. Ng5+ Kg7 26. Rae1 f4 27. Re7+
Nxe7 28. Rxe7+ Kg6 29. Rxb7 Re8 30. Kf1 Kh5 31. Ndf3 Kg6 32. Rh7 Kf5 33. Rd7
Kg6 34. Rxd6+ Kg7 35. h5 Rh8 36. Rg6+ Kf8 37. h6 a5 38. h7 b5 39. Rb6 b4 40.
cxb4 axb4 41. Nh4 Kg7 42. Nf5+ Kf8 43. Rb8# 1-0

[Event "NAYCC U10"]
[Site "Kingston CAN"]
[Date "2019.08.16"]
[Round "1.30"]
[White "Zhang, Kevin"]
[Black "Soni, Arjun"]
[Result "0-1"]
[WhiteElo "1185"]
[BlackElo "1665"]
[PlyCount "74"]
[EventDate "2019.08.16"]
[EventType "swiss"]
[EventRounds "9"]
[EventCountry "CAN"]

1. d4 d5 2. c4 e6 3. Nc3 Nf6 4. Bg5 Be7 5. Nf3 a6 6. a3 h6 7. Bh4 dxc4 8. e4
Nxe4 9. Bxe7 Nxc3 10. Bxd8 Nxd1 11. Bxc7 Nxb2 12. Rb1 Nd3+ 13. Bxd3 cxd3 14.
Rd1 O-O 15. O-O Bd7 16. Ne5 Bb5 17. Nxd3 Nc6 18. Bb6 Nxd4 19. Bxd4 Rfd8 20. Bb6
Rxd3 21. Rxd3 Bxd3 22. Rd1 Rc8 23. h3 Rc6 24. Bd4 Bb5 25. Bb2 Rc2 26. Bd4 Be2
27. Rb1 Rd2 28. Be3 Rd7 29. Rb2 Bb5 30. Rb4 Rd3 31. a4 Bc6 32. a5 Rd5 33. Bb6
Rg5 34. f3 Bxf3 35. Rb2 Bc6 36. Kh2 Bb5 37. Rc2 Bc6 0-1

[Event "NAYCC U10"]
[Site "Kingston CAN"]
[Date "2019.08.16"]
[Round "1.31"]
[White "Zhang, Brian"]
[Black "Mane, Arnav"]
[Result "1-0"]
[WhiteElo "1526"]
[BlackElo "1168"]
[PlyCount "135"]
[EventDate "2019.08.16"]
[EventType "swiss"]
[EventRounds "9"]
[EventCountry "CAN"]

1. e4 c5 2. Nf3 d6 3. c4 Nf6 4. Nc3 Nc6 5. d4 cxd4 6. Nxd4 e5 7. Ndb5 a6 8. Na3
Be6 9. Be3 Be7 10. f3 O-O 11. Be2 Rc8 12. O-O Re8 13. Qd2 h6 14. Rfd1 Rf8 15.
Rac1 Qd7 16. Na4 Qd8 17. Nb6 Rc7 18. Nc2 Kh8 19. b3 Kg8 20. Bf1 Kh8 21. Qf2 Qb8
22. Rd2 Kg8 23. Rcd1 Kh8 24. Be2 Kg8 25. g4 g5 26. h4 Nh7 27. hxg5 hxg5 28. Kg2
Kg7 29. Rh1 Rh8 30. Rdd1 f6 31. Rh2 Bf8 32. Rdh1 Kg8 33. Kg1 Rg7 34. Rh3 Be7
35. Qg2 Bd8 36. R1h2 Bxb6 37. Bxb6 Kf8 38. Qh1 Bg8 39. Ne3 Nd8 40. Nd5 Kf7 41.
Bc7 Qc8 42. Bxd6 Ne6 43. Kf2 Nf4 44. Rh6 Nxd5 45. exd5 Qd8 46. Ba3 Qa5 47. Qc1
Rg6 48. R6h3 Rg7 49. Bd3 Qb6+ 50. Qe3 Qxe3+ 51. Kxe3 Ke8 52. Bf5 Kd8 53. Ke4 b6
54. Bc1 Kc7 55. b4 b5 56. c5 Kd8 57. Be3 Kc7 58. c6 Kd6 59. Bc5+ Kc7 60. Bd7
Rxd7 61. cxd7 Kxd7 62. Rh1 Bf7 63. Rh6 Bg8 64. Rg6 Bxd5+ 65. Kxd5 Nf8 66. Rg7+
Ke8 67. Rxh8 f5 68. Rxf8# 1-0

[Event "NAYCC U10"]
[Site "Kingston CAN"]
[Date "2019.08.16"]
[Round "1.32"]
[White "Qian, Eric"]
[Black "Darvekar, Yash"]
[Result "1/2-1/2"]
[WhiteElo "1152"]
[BlackElo "1505"]
[PlyCount "92"]
[EventDate "2019.08.16"]
[EventType "swiss"]
[EventRounds "9"]
[EventCountry "CAN"]

1. e4 c5 2. Nf3 g6 3. d4 cxd4 4. Nxd4 Nc6 5. Nc3 Bg7 6. Be3 Nf6 7. Bb5 a6 8.
Bd3 O-O 9. O-O d6 10. f3 d5 11. exd5 Nxd5 12. Nxd5 Qxd5 13. Be4 Qe5 14. c3 f5
15. Nxc6 bxc6 16. Bd4 Qb5 17. Bxg7 Kxg7 18. a4 Qb6+ 19. Kh1 fxe4 20. fxe4 Rxf1+
21. Qxf1 Be6 22. Qf4 Qc5 23. Rc1 Rf8 24. Qg3 Qd6 25. Qe3 Qf4 26. Qd4+ Qf6 27.
Qd3 Bb3 28. Qxa6 Bxa4 29. e5 Qf4 30. Rg1 Bb5 31. Qa5 Qe3 32. h3 Qxe5 33. c4
Qxb2 34. cxb5 Qxb5 35. Qa1+ Kg8 36. Rc1 Rf2 37. Kg1 Qb6 38. Qa8+ Kg7 39. Qxc6
Qxc6 40. Rxc6 Rf6 41. Rc7 Kf7 42. Kh2 h5 43. Kg3 Ke6 44. Kh4 Kd6 45. Ra7 e5 46.
Kg5 Rf2 1/2-1/2

[Event "NAYCC U10"]
[Site "Kingston CAN"]
[Date "2019.08.16"]
[Round "1.33"]
[White "Wang, Alexander"]
[Black "Huang, Ivan"]
[Result "1/2-1/2"]
[WhiteElo "1487"]
[BlackElo "1138"]
[PlyCount "72"]
[EventDate "2019.08.16"]
[EventType "swiss"]
[EventRounds "9"]
[EventCountry "CAN"]

1. e4 e6 2. d4 d5 3. Nd2 c5 4. exd5 Qxd5 5. Ngf3 cxd4 6. Bc4 Qd8 7. Nb3 Nc6 8.
Nbxd4 Nxd4 9. Nxd4 Bc5 10. Be3 Bb6 11. O-O Nf6 12. c3 O-O 13. Qc2 a6 14. Rad1
Qc7 15. Bd3 h6 16. Qd2 Ng4 17. f4 Nxe3 18. Qxe3 Rd8 19. Kh1 Bd7 20. Qe4 g6 21.
Qf3 Bxd4 22. cxd4 Bc6 23. Qg3 Kg7 24. Bb1 Qb6 25. f5 exf5 26. Bxf5 Qxb2 27. Rf2
Qb5 28. Bd3 Qg5 29. Rdf1 Bd5 30. Qc7 Rf8 31. Qd6 Rad8 32. Qb6 f5 33. Qc7+ Rf7
34. Qe5+ Qf6 35. Qg3 Qg5 36. Qe5+ Qf6 1/2-1/2

[Event "NAYCC U10"]
[Site "Kingston CAN"]
[Date "2019.08.16"]
[Round "1.34"]
[White "White, Max"]
[Black "Vemparala, Nikash"]
[Result "0-1"]
[WhiteElo "1063"]
[BlackElo "1485"]
[PlyCount "34"]
[EventDate "2019.08.16"]
[EventType "swiss"]
[EventRounds "9"]
[EventCountry "CAN"]

1. e4 e5 2. Nf3 Nc6 3. Nc3 Nf6 4. Bb5 Bd6 5. Bxc6 dxc6 6. d4 exd4 7. Nxd4 O-O
8. O-O Re8 9. Bg5 h6 10. Bxf6 Qxf6 11. Re1 Be6 12. Nxe6 Rxe6 13. a4 Rd8 14. g3
Bxg3 15. Qh5 Bxf2+ 16. Kf1 Bg3+ 17. Ke2 Qf2# 0-1

[Event "NAYCC U10"]
[Site "Kingston CAN"]
[Date "2019.08.16"]
[Round "1.35"]
[White "Wang, Andy Zixin"]
[Black "Hanchell, Lheerin"]
[Result "1-0"]
[WhiteElo "1482"]
[BlackElo "1050"]
[PlyCount "27"]
[EventDate "2019.08.16"]
[EventType "swiss"]
[EventRounds "9"]
[EventCountry "CAN"]

1. e4 c5 2. Nf3 Nc6 3. d4 Nf6 4. e5 Ng4 5. h3 f6 6. hxg4 fxe5 7. dxe5 e6 8. Nc3
g6 9. Bg5 Be7 10. Bxe7 Nxe7 11. Ne4 b6 12. Qd2 O-O 13. Nf6+ Kg7 14. Rxh7# 1-0

[Event "NAYCC U10"]
[Site "Kingston CAN"]
[Date "2019.08.16"]
[Round "1.36"]
[White "Komolafe, Joshua"]
[Black "Liu, Eric"]
[Result "0-1"]
[WhiteElo "1050"]
[BlackElo "1459"]
[PlyCount "44"]
[EventDate "2019.08.16"]
[EventType "swiss"]
[EventRounds "9"]
[EventCountry "CAN"]

1. d4 d5 2. Be3 Bf5 3. Nc3 e6 4. Qd2 Nf6 5. O-O-O Bb4 6. Nf3 Ne4 7. Qe1 O-O 8.
Bg5 Nxg5 9. Nxg5 Qxg5+ 10. e3 Nd7 11. h4 Qg6 12. h5 Qg5 13. Be2 h6 14. Rh2 c5
15. Qf1 cxd4 16. Nb5 dxe3 17. fxe3 Qxe3+ 18. Rd2 Qxd2+ 19. Kb1 Qxc2+ 20. Ka1
Rac8 21. Qd1 Qc1+ 22. Qxc1 Rxc1# 0-1

[Event "NAYCC U10"]
[Site "Kingston CAN"]
[Date "2019.08.16"]
[Round "1.37"]
[White "Reyes, Isaac"]
[Black "Wang, Leo"]
[Result "1-0"]
[WhiteElo "1451"]
[BlackElo "1040"]
[PlyCount "83"]
[EventDate "2019.08.16"]
[EventType "swiss"]
[EventRounds "9"]
[EventCountry "CAN"]

1. e4 c5 2. d4 cxd4 3. c3 dxc3 4. Nxc3 Nc6 5. Nf3 d6 6. Bc4 e6 7. O-O Nf6 8.
Qe2 Be7 9. Rd1 O-O 10. e5 Ne8 11. exd6 Nxd6 12. Bf4 f6 13. Bxe6+ Kh8 14. Bxc8
Rxc8 15. Nb5 Re8 16. Bxd6 Bxd6 17. Nxd6 Rxe2 18. Nf7+ Kg8 19. Nxd8 Rxd8 20.
Rxd8+ Nxd8 21. b3 Kf7 22. Kf1 Rc2 23. Rd1 Ke8 24. a4 Rb2 25. Nd4 Ke7 26. Nf5+
Ke8 27. Nxg7+ Ke7 28. Nf5+ Ke8 29. Nd6+ Ke7 30. Nf5+ Ke8 31. Re1+ Kf7 32. Re7+
Kg6 33. Nh4+ Kh6 34. Rd7 Rb1+ 35. Ke2 Nc6 36. Rxb7 Rxb3 37. Nf5+ Kg5 38. Rxb3
Kxf5 39. Rh3 Nd4+ 40. Kd3 Ne6 41. Rxh7 Kg6 42. Rxa7 1-0

[Event "NAYCC U10"]
[Site "Kingston CAN"]
[Date "2019.08.16"]
[Round "1.38"]
[White "Velasquez, Noah"]
[Black "Kurup, Siddharth"]
[Result "1-0"]
[WhiteElo "1039"]
[BlackElo "1434"]
[PlyCount "161"]
[EventDate "2019.08.16"]
[EventType "swiss"]
[EventRounds "9"]
[EventCountry "CAN"]

1. e4 e6 2. d4 b6 3. Nc3 Bb7 4. Bd3 Bb4 5. Nf3 Nf6 6. Qe2 d6 7. Bd2 Bxc3 8.
Bxc3 Nbd7 9. Bd2 c5 10. c3 Qc7 11. O-O O-O 12. Rac1 a6 13. a3 Qc6 14. Rfe1 Rfe8
15. b4 Qc7 16. Rc2 b5 17. Rcc1 c4 18. Bb1 a5 19. Red1 Qc6 20. Re1 axb4 21. axb4
Nf8 22. Bg5 N8d7 23. Bf4 Ra6 24. Bxd6 Qxd6 25. e5 Qc6 26. exf6 Nxf6 27. Qf1 Qd6
28. Ne5 Nd7 29. Nxd7 Qxd7 30. Re5 f6 31. Rc5 Rc8 32. Rd1 Rxc5 33. dxc5 Qc7 34.
Bc2 Ra8 35. Qe1 Qc6 36. Qf1 Ra2 37. Rd6 Ra1 38. Rxc6 Rxf1+ 39. Kxf1 Bxc6 40. f3
h6 41. Be4 Bxe4 42. fxe4 Kf7 43. Ke2 Ke7 44. Ke3 e5 45. Kf3 h5 46. g4 hxg4+ 47.
Kxg4 g6 48. h4 Ke6 49. Kf3 Ke7 50. Kg4 Ke8 51. h5 gxh5+ 52. Kxh5 Kf7 53. Kg4
Ke6 54. c6 Kd6 55. c7 Kxc7 56. Kf5 Kd7 57. Kxf6 Kd6 58. Kf5 Kd7 59. Kxe5 Ke7
60. Kd5 Kd7 61. Kc5 Ke6 62. Kxb5 Ke5 63. Kxc4 Kxe4 64. b5 Ke5 65. Kc5 Ke6 66.
Kc6 Ke7 67. b6 Ke6 68. b7 Ke5 69. b8=Q+ Ke4 70. Qd6 Ke3 71. Qd5 Kf4 72. Qe6 Kf3
73. Qe5 Kg4 74. Qf6 Kg3 75. Qf5 Kg2 76. Qf4 Kh1 77. Qg5 Kh2 78. Kd5 Kh1 79. Ke4
Kh2 80. Kf3 Kh1 81. Qg2# 1-0